Top 5 NFL Quarterbacks by year in 2010s - Statistics

General Stats
  • This quiz has been taken 6,958 times
    6,755 since last reset
  • The average score is 49 of 51
Answer Stats
Rank Answer % Correct
1 Tom Brady
100%
3 Tom Brady
100%
4 Tom Brady
100%
2 Tom Brady
100%
4 Aaron Rodgers
98%
5 Aaron Rodgers
98%
2 Dak Prescott
98%
4 Drew Brees
98%
1 Drew Brees
98%
1 Drew Brees
98%
1 Drew Brees
98%
2 Drew Brees
98%
1 Drew Brees
98%
1 Drew Brees
98%
3 Drew Brees
98%
5 Eli Manning
98%
4 Eli Manning
98%
5 Eli Manning
98%
3 Matthew Stafford
98%
2 Matthew Stafford
98%
3 Matthew Stafford
98%
3 Peyton Manning
98%
1 Peyton Manning
98%
2 Peyton Manning
98%
3 Jared Goff
97%
4 Jared Goff
97%
3 Matthew Stafford
97%
5 Matt Ryan
97%
3 Matt Ryan
97%
2 Matt Ryan
97%
5 Matt Ryan
97%
4 Matt Ryan
97%
4 Matt Ryan
97%
5 Matt Ryan
97%
2 Patrick Mahomes II
97%
4 Philip Rivers
96%
2 Philip Rivers
96%
5 Philip Rivers
96%
2 Philip Rivers
96%
5 Philip Rivers
96%
1 Philip Rivers
96%
1 Ben Roethlisberger
94%
5 Ben Roethlisberger
94%
1 Ben Roethlisberger
94%
5 Andrew Luck
93%
2 Andrew Luck
93%
1 Jameis Winston
92%
3 Tony Romo
92%
4 Carson Palmer
82%
3 Kirk Cousins
78%
4 Matt Schaub
65%
No matching quizzes found
Score Distribution
Percent of People with Each Score
Percentile by Number Answered
Your Score History
You have not taken this quiz since the last reset